000 01187cab a22002175a 4500
001 L148399
008 090914s2009 xxk f gs 000 0 eng d
035 _a(Sirsi) u148399
041 0 _aeng
100 1 _aIves, Paul
245 0 0 _aTenancy deposits
_ba review of the tenancy deposit adjudication process under TDP
260 _c2009
490 _aLetting Update Journal
_v17 (2) July 2009, 14-20 (7)
520 _aDiscusses the three current deposit schemes under the statutory tenancy deposit protection (TDP) and their provision for alternative dispute resolution. Reports four cases of TDP adjudications and their outcome. Considers issues regarding alternative dispute resolution. Provides advice for avoiding disputes. Presents the small claims route as the recommended route for a landlord whose claim is larger than the tenancy deposit.
590 _aKA
651 4 _aEngland and Wales
_y1543-
690 _aPROPERTY-RESIDENTIAL PROPERTY-RESIDENTIAL LANDLORD AND TENANT-RESIDENTIAL TENANCIES
690 _aMANAGEMENT-DISPUTE AVOIDANCE, MANAGEMENT AND RESOLUTION-DISPUTE MANAGEMENT AND RESOLUTION-ALTERNATIVE DISPUTE RESOLUTION
700 1 _aHopkins, Phillip
942 _n0
999 _c81822
_d81822